Chorusbuch (Запис номер 357630)
[ съкратено ]
| 000 -Лидер | |
|---|---|
| Контролно поле с фиксирана дължина | 01085ncm a2200349 a 4500 |
| 003 - Код на организацията, давaща контролен номер | |
| Контролно поле | BLK |
| 005 - Дата и час на последна редакция | |
| Контролно поле | 20250329160042.0 |
| 008 - Елементи от данни с фиксирана дължина | |
| fixed length control field | 180410b bul||n||s|||||||| n|bulo| |
| 010 ## - Наследен системен номер | |
| LC control number | CDD00001212000 |
| 040 ## - Източник на каталожния запис | |
| Идентификатор на билиотеката - собственик на записа | BLK |
| 041 ## - Код за език | |
| Код за езика на текст/звукозапис или на отделно заглавие | Немски |
| Код за езика КДБФ | Немски |
| 080 ## - УДК | |
| Текстов определител УДК | Медни духови инструменти |
| УДК код - определител по УДК | 788.5.1/.4 |
| 080 ## - УДК | |
| Текстов определител УДК | Хорове |
| УДК код - определител по УДК | 784.087.68 |
| 139 ## - Редно поле | |
| Редна дума | Chorusbuch |
| Авторски знак | Хор - Х 66 |
| 245 10 - Сведения за заглавието | |
| Заглавие | Chorusbuch |
| Подзаглавни данни | E/B stimme Saxophon, Klarinette, Trompete |
| Редно поле (дума) | bearb. Alfons Wonnenberg |
| Том | Band 2 |
| 257 ## - Страна на издаване | |
| Страна на създаване/издаване | Германия |
| 260 ## - Област на издателските данни | |
| Име на издателя, разпространителя и проч. | VEB Lied der Zeit |
| Година на издаване | б.г. |
| 9 (RLIN) | 402654 |
| Място на издаване, разпространение и проч. | Berlin |
| 300 ## - Физическа характеристика | |
| Размери/Мащаб | 17x24 см |
| Страници | 57 с. |
| Илюстрации и др. | с ноти |
| 380 ## - Жанр | |
| Жанр | Изкуство |
| 490 ## - СЕРИИ (Колекции) | |
| Име на серия | Chorusbush |
| 9 (RLIN) | 407080 |
| №: серия | Band 2 |
| 650 #0 - Допълнително описание по предмет – тема | |
| Основно описание – тема или топоним | Духови музикални инструменти |
| 9 (RLIN) | 275013 |
| 653 #7 - Ключова дума – ненормативна | |
| Ключова дума | хорове |
| 9 (RLIN) | 200118 |
| 659 ## - Тематичен бюлетин | |
| Тематичен бюлетин | Н |
| 700 ## - Други автори (авторска отговорност) | |
| Лично име | Wonnenber, Alfons |
| Автороска отговорност (Описва отношението между автора и произведението) | bearb. |
| 9 (RLIN) | 39 |
| 760 1# - Описание на основната серия | |
| Редна дума на основното описание | Orff, Carl |
| Страници - том | 71мин. 14сек. |
| Заглавие | CD 2 |
| 852 ## - Местоположение | |
| Форматна сигнатура | Цб M 1189 |
| Част | 1 |
| Фондова буква | Хранилище |
| 856 4# - Електронен адрес и достъп | |
| Електронен формат | pdf - файл |
| Път до файла /url/ | |
| 856 4# - Електронен адрес и достъп | |
| Електронен формат | pdf - файл |
| Път до файла /url/ | |
| 999 ## - СИСТЕМНИ КОНТРОЛНИ НОМЕРА | |
| Koha biblionumber | 357630 |
| Koha biblioitemnumber | 357630 |
| 942 ## - АРТИКУЛИ | |
| Вид на библиотечния материал | Нотни издания |
| Скрит в OPAC | Не |
| Периодичен библиозапис | Да |
| 944 ## - СЪЗДАВАНЕ И РЕДАКЦИЯ на ЗАПИСА | |
| Създаване/Редакция | Създаване |
| Дата на регистрацията/редакция | 2020-04-25 |
| Служител, извършил регистрацията/редакцията | 30560 |
| Статус, дата на статуса | Геновева Генчева |
| 999 ## - СИСТЕМНИ КОНТРОЛНИ НОМЕРА | |
| Koha biblioitemnumber | 218743 |
| Код за отписване | Код за изгубен артикул | Източник на класификационната схема | Код за повреда | Коз за рестрикции | Код за отдаване | Артикулен № | Име на библиотеката - собственик | Име на библиотеката, в която се намира в момента | Статус (Текущо местоположение) | Дата на вписване в системата | Местоположение - отдел | Цена в лева | Инвентарен номер | Систематично азбучна сигнатура | Баркод | Цена в евро | Служебен тип на артикула |
|---|---|---|---|---|---|---|---|---|---|---|---|---|---|---|---|---|---|
| Не е изгубен | Universal Decimal Classification | Не е повреден | само за читалня | ползва се в читалня | 766350 | Регионална библиотека "Любен Каравелов" Русе | Регионална библиотека "Любен Каравелов" Русе | Хранилище | 2020-05-02 | Хранилище | 1.00 | 64947 | Цб М 1189 | 900000014956 | 0.51 | Нотни издания |